000 00355pab a2200157 454500
008 180718b2000 xxu||||| |||| 00| 0 eng d
100 _aSeth, S.C.
245 _aWatershed management in India
260 _c2000
300 _ap.2-7
362 _aJun
650 _aWatersheds - India
650 _aWatersheds
773 _aKurukshetra
909 _a44956
999 _c44956
_d44956